000 02664cam a22005774i 4500
003 PE-LiUPU
005 20250731165508.0
008 150526s2008 mx a r 001 0 spa d
020 _a9789701513255
035 _a(Sirsi) i9789701513255
040 _aPE-LiUPU
_bspa
_cPE-LiUPU
_erda
049 _aPRUA
082 0 4 _a005.7585
_bP45
_220
100 1 _aPérez López, César,
_eautor.
245 1 0 _aMySQL para windows y linux /
_cCésar Pérez López.
250 _aSegunda edición.
264 1 _aMéxico :
_bAlfaomega,
_c2008.
300 _axvi, 454 páginas :
_bilustraciones ;
_c23 centímetros
336 _atext
_2rdacontent
337 _aunmediated
_2rdamedia
338 _avolume
_2rdacarrier
504 _aÍndice alfabético : páginas 441-454.
505 0 _aInstalación de MYSQL y su software complementario -- Diseño de bases de datos. Conceptos, operaciones, abjetos y estructuras -- Creación de bases de datos MYSQL. El lenguaje SQL: tipos, operadores y funciones -- Entorno de trabajo en el lenguaje SQL de MYSQL para la creaci?n de objetos -- SQL para MYSQL. Lenguaje de consulta de datos: dentencia -- SQL para MYSQL. Consulta multitabla -- SQL para MYSQL. Uso avanzado de tipos, formato y funciones -- SQL para MYSQL. Lenguaje de modificación de datos: administración de tablas -- Administración de MYSQL -- Seguridad en MYSQL -- Funciones PHP para conexiones y consultas a bases de datos MYSQL -- Páginas web dinámicas con MYSQL y PHP.
526 _aSEG44
526 _aSEG26
526 _aP151
526 _aP150
526 _aP149
526 _aP146
526 _aP145
526 _aP126
526 _aP125
526 _aP92
526 _aP75
526 _aP74
526 _aP27
526 _aP15
541 _g043-0014410;
650 4 _aAdministración de bases de datos.
650 4 _aBases de datos relacionales.
650 4 _aDiseño de bases de datos.
650 4 _aMySQL (Lenguaje de programación de computadores).
650 4 _aSQL (Lenguaje de programación de computadores).
650 7 _aMySQL (Archivo de ordenador).
_2embne
910 _acce
_bjvq
_ccce
_d20150526
942 _2ddc
_cBOOK
949 _a005.7585 P45
_wDEWEY
_c1
_i71452
_d2015-8-31
_e2015-8-28
_lCCODEBUL1
_mBUL
_n1
_p29.30
_r0
_sY
_tBOOK
_u2015-5-26
_xINGENIERIA
_PP27
_0COMPRA
_o.STAFF. Colección General
994 _aC0
_bPEPRU
596 _a1
999 _a005.7585 P45
_wDEWEY
_c25137
_i71452
_d25137
_e2018-3-7
_f2022-4-11
_g7
_lCCODEBUL1
_mBUL
_n3
_p29.30
_q5
_r1
_sY
_tBOOK
_u2015-5-26
_xINGENIERIA
_PP27
_0COMPRA
_o.STAFF. Colección General
980 _81
_gALBERTO SANCHEZ Responsable de Automatización